Cambodia Country Quiz - Statistics

General Stats
  • This quiz has been taken 881 times
    854 since last reset
  • The average score is 11 of 18
Answer Stats
Hint Answer % Correct
Bordering countries Thailand
94%
Bordering countries Vietnam
94%
Bordering countries Laos
93%
Official language Khmer
90%
Capital city Phnom Penh
90%
Main religion Buddhism
82%
Temple at main tourist city Angkor Wat
77%
Genocidal leader 1975-1978 Pol Pot
77%
Protectorate of which country 1867-1953 France
67%
Wet season (May to October) M{onsoon}
60%
Main tourist city Siem Reap
57%
"Cambodia" in that language Kampuchea
51%
His party Khmer Rouge
46%
The king, 1941-1955 and 1993-2005 Norodom Sihanouk
30%
Controversial prime minister Hun Sen
29%
Largest lake,16,000 sq km in the rainy season Tonle Sap
27%
His party Cambodian People's Party (CPP)
16%
Main opposition party Cambodia National Rescue Party (CNRP)
8%
No matching quizzes found
Score Distribution
Percent of People with Each Score
Percentile by Number Answered
Your Score History
You have not taken this quiz since the last reset